An introduction to ultra wideband communication systems
This book is the definitive resource for every professional involved with UWB: RF engineers concerned with UWB's impact on radio design; experienced computer and DSP engineers moving into radio communications; systems engineers who must master UWB radio link design; and technical managers who m...
Đã lưu trong:
| Format: | Bog |
|---|---|
| Sprog: | Undetermined |
| Udgivet: |
Upper Saddle River, N.J.
Prentice Hall
2005
|
| Fag: | |
| Tags: |
Tilføj Tag
Ingen Tags, Vær først til at tagge denne postø!
|
| Thư viện lưu trữ: | Trung tâm Học liệu Trường Đại học Cần Thơ |
|---|
| LEADER | 00948nam a2200193Ia 4500 | ||
|---|---|---|---|
| 001 | CTU_124106 | ||
| 008 | 210402s9999 xx 000 0 und d | ||
| 020 | |c 768000 | ||
| 082 | |a 621.38216 | ||
| 082 | |b I.61 | ||
| 245 | 3 | |a An introduction to ultra wideband communication systems | |
| 245 | 0 | |c Edited by Jeffrey H. Reed | |
| 260 | |a Upper Saddle River, N.J. | ||
| 260 | |b Prentice Hall | ||
| 260 | |c 2005 | ||
| 520 | |a This book is the definitive resource for every professional involved with UWB: RF engineers concerned with UWB's impact on radio design; experienced computer and DSP engineers moving into radio communications; systems engineers who must master UWB radio link design; and technical managers who must clearly understand the challenges they'll face in delivering successful systems. | ||
| 650 | |a Ultra-wideband devices,Wireless communication systems | ||
| 904 | |i Minh | ||
| 980 | |a Trung tâm Học liệu Trường Đại học Cần Thơ | ||